<?xml version="1.0" encoding="UTF-8"?><record xmlns="http://www.loc.gov/MARC21/slim" xmlns:zs="http://docs.oasis-open.org/ns/search-ws/sruResponse">
  <leader>04273cam a2200529 i 4500</leader>
  <controlfield tag="001">24088627</controlfield>
  <controlfield tag="005">20250607133028.7</controlfield>
  <controlfield tag="006">m    |o  d |      </controlfield>
  <controlfield tag="007">cr |||||||||||</controlfield>
  <controlfield tag="008">250314s2017    cauab   ob    000 0 eng  </controlfield>
  <datafield ind1=" " ind2=" " tag="035">
    <subfield code="a">24088627</subfield>
  </datafield>
  <datafield ind1=" " ind2=" " tag="906">
    <subfield code="a">0</subfield>
    <subfield code="b">cbc</subfield>
    <subfield code="c">origcop</subfield>
    <subfield code="d">u</subfield>
    <subfield code="e">ncip</subfield>
    <subfield code="f">20</subfield>
    <subfield code="g">y-gencatlg</subfield>
  </datafield>
  <datafield ind1="0" ind2=" " tag="925">
    <subfield code="a">acquire</subfield>
    <subfield code="x">policy default</subfield>
  </datafield>
  <datafield ind1=" " ind2=" " tag="010">
    <subfield code="a">  2024739583</subfield>
  </datafield>
  <datafield ind1=" " ind2=" " tag="020">
    <subfield code="z">9780833098993</subfield>
    <subfield code="q">(pbk)</subfield>
  </datafield>
  <datafield ind1=" " ind2=" " tag="020">
    <subfield code="z">0833098993</subfield>
    <subfield code="q">(pbk)</subfield>
  </datafield>
  <datafield ind1=" " ind2=" " tag="027">
    <subfield code="a">RAND/RR-2099-NIJ</subfield>
  </datafield>
  <datafield ind1=" " ind2=" " tag="040">
    <subfield code="a">DLC</subfield>
    <subfield code="b">eng</subfield>
    <subfield code="e">rda</subfield>
    <subfield code="e">pn</subfield>
    <subfield code="c">DLC</subfield>
  </datafield>
  <datafield ind1=" " ind2=" " tag="043">
    <subfield code="a">n-us---</subfield>
  </datafield>
  <datafield ind1="0" ind2="0" tag="050">
    <subfield code="a">HV8139</subfield>
  </datafield>
  <datafield ind1="0" ind2="0" tag="082">
    <subfield code="a">363.2/30973</subfield>
    <subfield code="2">23</subfield>
  </datafield>
  <datafield ind1="1" ind2=" " tag="100">
    <subfield code="a">Jackson, Brian A.,</subfield>
    <subfield code="d">1972-</subfield>
    <subfield code="e">author.</subfield>
  </datafield>
  <datafield ind1="1" ind2="0" tag="245">
    <subfield code="a">Knowing more, but accomplishing what? :</subfield>
    <subfield code="b">developing approaches to measure the effects of information-sharing on criminal justice outcomes /</subfield>
    <subfield code="c">Brian A. Jackson, Lane F. Burgette, Caroline Stevens, Claude Messan Setodji, Erinn Herberman, Stephanie Ann Kovalchik, Katie Mugg, Meagan Cahill, Jessica Hwang, Joshua Lawrence Traub.</subfield>
  </datafield>
  <datafield ind1=" " ind2="1" tag="264">
    <subfield code="a">Santa Monica, Calif. :</subfield>
    <subfield code="b">RAND,</subfield>
    <subfield code="c">[2017]</subfield>
  </datafield>
  <datafield ind1=" " ind2=" " tag="300">
    <subfield code="a">1 online resource (xix, 53 pages) :</subfield>
    <subfield code="b">illustrations.</subfield>
  </datafield>
  <datafield ind1=" " ind2=" " tag="336">
    <subfield code="a">text</subfield>
    <subfield code="b">txt</subfield>
    <subfield code="2">rdacontent</subfield>
  </datafield>
  <datafield ind1=" " ind2=" " tag="337">
    <subfield code="a">computer</subfield>
    <subfield code="b">c</subfield>
    <subfield code="2">rdamedia</subfield>
  </datafield>
  <datafield ind1=" " ind2=" " tag="338">
    <subfield code="a">online resource</subfield>
    <subfield code="b">cr</subfield>
    <subfield code="2">rdacarrier</subfield>
  </datafield>
  <datafield ind1=" " ind2=" " tag="500">
    <subfield code="a">"The research reported here was conducted in the RAND Justice Policy Program, which ... is part of RAND Justice, Infrastructure, and Environment"--Preface.</subfield>
  </datafield>
  <datafield ind1=" " ind2=" " tag="500">
    <subfield code="a">Also available on the Internet as a PDF file.</subfield>
  </datafield>
  <datafield ind1=" " ind2=" " tag="504">
    <subfield code="a">Includes bibliographical references (pages 49-53).</subfield>
  </datafield>
  <datafield ind1="0" ind2=" " tag="505">
    <subfield code="a">Introduction -- How Can We Measure the Effects of Information-Sharing? -- Developing and Testing Measures with the Automated Regional Justice Information System -- Conclusions -- Appendix: User Interview Questions.</subfield>
  </datafield>
  <datafield ind1=" " ind2=" " tag="506">
    <subfield code="f">Unrestricted online access</subfield>
  </datafield>
  <datafield ind1=" " ind2=" " tag="520">
    <subfield code="a">Information-sharing became a central element of the policy debate about U.S. homeland and national security after the September 11, 2001, terrorist attacks. However, sharing of information across jurisdictional lines is just as important for everyday criminal justice efforts to prevent and investigate crime, and systems to provide such capabilities have been in place for many years. Despite widespread belief that information-sharing is valuable, there have been relatively limited efforts to measure its effect on criminal justice outcomes. To help address this need, we examined the measurement of information-sharing effects from the strategic to the tactical levels, with a focus on developing reliable measurements that capture the range of ways sharing can affect outcomes and how the practicalities of law enforcement work practices can affect measurement. In collaboration with an advanced regional information-sharing agency, we developed techniques to examine the effects of multiple types of data-sharing at the officer, case, and offender levels. Analyses showed significant correlations between different types of sharing on the level of interagency involvement in cases for individual offenders, on the timing and likelihood of specific law enforcement events, and on the likelihood of individual police officers to be involved in cross-jurisdictional arrests. In addition, we explored lessons for future policy evaluation and information system design to facilitate measurement.</subfield>
  </datafield>
  <datafield ind1=" " ind2=" " tag="540">
    <subfield code="a">This is non-restricted, fully open content that may be accessed on and off of the Library of Congress campus, with no restrictions, by an unlimited number of users</subfield>
  </datafield>
  <datafield ind1=" " ind2=" " tag="588">
    <subfield code="a">Description based on print version record; resource not viewed.</subfield>
  </datafield>
  <datafield ind1=" " ind2="0" tag="650">
    <subfield code="a">Law enforcement</subfield>
    <subfield code="z">United States.</subfield>
  </datafield>
  <datafield ind1=" " ind2="0" tag="650">
    <subfield code="a">Domestic intelligence</subfield>
    <subfield code="z">United States.</subfield>
  </datafield>
  <datafield ind1=" " ind2="0" tag="650">
    <subfield code="a">Communication in law enforcement</subfield>
    <subfield code="z">United States.</subfield>
  </datafield>
  <datafield ind1=" " ind2="0" tag="650">
    <subfield code="a">Criminal justice, Administration of</subfield>
    <subfield code="z">United States.</subfield>
  </datafield>
  <datafield ind1="2" ind2=" " tag="710">
    <subfield code="a">Rand Justice, Infrastructure, and Environment (Organization).</subfield>
    <subfield code="b">Justice Policy Program.</subfield>
  </datafield>
  <datafield ind1="2" ind2=" " tag="710">
    <subfield code="a">Rand Corporation.</subfield>
  </datafield>
  <datafield ind1="2" ind2=" " tag="710">
    <subfield code="a">National Institute of Justice (U.S.)</subfield>
  </datafield>
  <datafield ind1="0" ind2="8" tag="776">
    <subfield code="i">Print Version:</subfield>
    <subfield code="t">Knowing more, but accomplishing what?</subfield>
    <subfield code="d">Santa Monica, Calif. : RAND, [2017]</subfield>
    <subfield code="z">9780833098993</subfield>
    <subfield code="w">(DLC) 2018303497</subfield>
  </datafield>
  <datafield ind1="4" ind2="0" tag="856">
    <subfield code="d">gdcebookspublic</subfield>
    <subfield code="f">2024739583</subfield>
    <subfield code="u">https://hdl.loc.gov/loc.gdc/gdcebookspublic.2024739583</subfield>
  </datafield>
  <datafield ind1=" " ind2=" " tag="985">
    <subfield code="a">gdc/scd</subfield>
  </datafield>
  <datafield ind1=" " ind2=" " tag="985">
    <subfield code="a">gdc/usgovdigresources</subfield>
  </datafield>
</record>
